Educación física y deportes para minusválidos psíquicos

محفوظ في:
التفاصيل البيبلوغرافية
المؤلفون الرئيسيون: Martín Sánchez, Francisco (autor), Martín Vicente, Fernando (مؤلف)
التنسيق: كتاب
اللغة:الإسبانية
منشور في: Madrid Gymnos 1988
الموضوعات:
الوسوم: إضافة وسم
لا توجد وسوم, كن أول من يضع وسما على هذه التسجيلة!

MARC

LEADER 00000nam a2200000 a 4500
001 UCW7558
003 CL-VaPUC
008 930415e19880000SP |||||||||||||||||spa|d
082 0 4 |a 796.0196  |b MAR  |2 21 
100 |a Martín Sánchez, Francisco  |e autor  |9 312726 
700 0 |a Martín Vicente, Fernando  |e author  |9 312727 
245 1 0 |a Educación física y deportes para minusválidos psíquicos 
300 |a 132 p 
942 |c BK 
945 |d 19930415 00:00:00 
260 |a Madrid  |b Gymnos  |c 1988 
650 0 |a Educación física  |9 240893 
650 0 |a Educación especial  |9 307486 
650 0 |a Minusválidos mentales  |9 311830 
583 |a last modification  |c 20170913 12:10:36  |k Rodrigo Vera 
999 |c 220273  |d 220271 
952 |0 0  |1 0  |4 0  |6 796_019600000000000_MAR_1988  |7 0  |8 A  |9 212260  |a BIBEDU  |b BIBEDU  |d 2019-11-15  |i 2805146  |o 796.0196 MAR 1988  |p 2805146  |r 2019-11-15  |w 2019-11-15  |y BK  |k EDU